Műemléki világnap

Elmentve itt :
Bibliográfiai részletek
Szerző: Tandi Lajos
Dokumentumtípus: Cikk
Megjelent: 1984-04-18
Sorozat:Délmagyarország 74 No. 91
Kulcsszavak:műemlékek
Online Access:http://dmarchiv.bibl.u-szeged.hu/122539
LEADER 00431nab a2200157 i 4500
001 delm122539
005 20190905122619.0
008 190905s1984 hu o 0|| hun d
040 |a SZTE Délmagyarország Archívum  |b hun 
041 |a hun 
100 1 |a Tandi Lajos 
245 1 0 |a Műemléki világnap  |h [elektronikus dokumentum] /  |c  Tandi Lajos 
260 |c 1984-04-18 
300 |a 5 
490 0 |a Délmagyarország  |v 74 No. 91 
695 |a műemlékek